Normal view
MARC view
- Supervisor. Muhammad Irfan
Entry Personal Name
001 - CONTROL NUMBER
- control field: 126592
003 - CONTROL NUMBER IDENTIFIER
- control field: NUST
005 - DATE AND TIME OF LATEST TRANSACTION
- control field: 20241029142810.0
008 - FIXED-LENGTH DATA ELEMENTS
- fixed length control field: 241029|| aca||aabn | a|a d
040 ## - CATALOGING SOURCE
- Original cataloging agency: NUST
- Transcribing agency: NUST
100 ## - HEADING--PERSONAL NAME
- Personal name: Supervisor. Muhammad Irfan
670 ## - SOURCE DATA FOUND
- Source citation: Work cat.: (NUST)540583: Mahmood , Yasir 34683, INTEGRATING PAVEMENT FUNCTIONAL AND STRUCTURAL EVALUATIN OF HIGHWAYS INTO AN OVERALL PAVEMENT MANGMENT SYSTEM /, 2017.
